|
|
|
|
| LEADER |
00000cam a22000004a 4500 |
| 001 |
musev2_87196 |
| 003 |
MdBmJHUP |
| 005 |
20230905052926.0 |
| 006 |
m o d |
| 007 |
cr||||||||nn|n |
| 008 |
190617s2014 mnu o 00 0 eng d |
| 020 |
|
|
|a 9780814649299
|
| 020 |
|
|
|z 0814649297
|
| 020 |
|
|
|z 9780814624678
|
| 020 |
|
|
|z 0814624677
|
| 040 |
|
|
|a MdBmJHUP
|c MdBmJHUP
|
| 245 |
1 |
0 |
|a Vatican Council II: The Conciliar and Postconciliar Documents :
|b New Revised Edition /
|n [Volume 1],
|p The conciliar and postconciliar documents /
|c general editor, Austin Flannery, OP.
|p The conciliar and postconciliar documents /
|n [Volume 1],
|
| 250 |
|
|
|a New revised edition.
|
| 264 |
|
1 |
|a Collegeville, Minnesota :
|b Liturgical Press,
|c 2014.
|
| 264 |
|
3 |
|a Baltimore, Md. :
|b Project MUSE,
|c 0000
|
| 264 |
|
4 |
|c ©2014.
|
| 300 |
|
|
|a 1 online resource (1060 pages).
|
| 336 |
|
|
|a text
|b txt
|2 rdacontent
|
| 337 |
|
|
|a computer
|b c
|2 rdamedia
|
| 338 |
|
|
|a online resource
|b cr
|2 rdacarrier
|
| 490 |
0 |
|
|a Vatican collection
|
| 588 |
|
|
|a Description based on print version record.
|
| 610 |
2 |
7 |
|a Catholic Church.
|2 fast
|0 (OCoLC)fst00531720
|
| 610 |
2 |
6 |
|a Église catholique
|x Doctrines.
|
| 610 |
2 |
0 |
|a Catholic Church
|x Doctrines.
|
| 650 |
|
7 |
|a Theology, Doctrinal.
|2 fast
|0 (OCoLC)fst01149617
|
| 650 |
|
7 |
|a RELIGION
|x Christian Theology
|x Ecclesiology.
|2 bisacsh
|
| 655 |
|
7 |
|a Electronic books.
|2 local
|
| 700 |
1 |
|
|a Flannery, Austin,
|e editor.
|
| 710 |
2 |
|
|a Project Muse.
|e distributor
|
| 830 |
|
0 |
|a Book collections on Project MUSE.
|
| 856 |
4 |
0 |
|z Texto completo
|u https://projectmuse.uam.elogim.com/book/87196/
|
| 945 |
|
|
|a Project MUSE - Custom Collection
|